LEADER 01155cam0 22003011 450 001 SOBE00080798 005 20240911084816.0 010 $a9788845932175 100 $a20240911d2017 |||||ita|0103 ba 101 $aita 102 $aIT 200 1 $a<>duello dei neurochirurghi$eil cervello: una storia di traumi, medici e follie$fSam Kean$gtraduzione di Luigi Civalleri 210 $aMilano$cAdelphi$d2017 215 $a450 p.$cill.$d22 cm 225 2 $aBiblioteca Scientifica$v58 410 1$1001LAEC00016219$12001 $a*Biblioteca Scientifica$v58 500 10$a<>tale of the dueling neurosurgeons$3SOBA00031498$94297045 700 1$aKean$b, Sam$3SOBA00031491$4070$01209012 702 1$aCivalleri, Luigi$3SOBA00031497$4070 801 0$aIT$bUNISOB$c20240911$gRICA 850 $aUNISOB 852 $aUNISOB$j000|Coll|66|K$m181693 912 $aSOBE00080798 940 $aM 102 Monografia moderna SBN 941 $aM 957 $a000|Coll|66|K$b000032$gSI$d181693$n20240909$_15$rAcquisto$tV$[15$1Spinosa$2UNISOB$3UNISOB$420240911084743.0$520240911084816.0$6Spinosa 996 $aTale of the dueling neurosurgeons$94297045 997 $aUNISOB